000 00616nam a22002177a 4500
003 LK-CoMWRAF
005 20230831131543.0
008 230831b1988 |||||||| |||| 00| 0 eng d
020 _a0026681900
040 _aLK-CoMWRAF
_dLK-CoMWRAF
_eLK-CoMWRAF
041 _aeng
082 _a155.4 BRI
100 _aBrisbane, Holly E.
245 _aThe developing child:
_bunderstanding children and parenting
250 _a5th ed.
260 _aNew York:
_bGlencoe,
_c1988
300 _a96, 528 p. : col. ill. ; 27 cm.
_bGlossary and index included
650 _aCHILD DEVELOPMENT
650 _aParenting
942 _cBK
999 _c3337
_d3337